000 01522nam a2200337 c 4500
001 59919
003 CO-BoRNBP
005 20251112142558.0
007 ta
008 210828r20162017ck a er 000 0dspa d
020 _a9789587713916
040 _aCO-BoRNBP
_bspa
_erda
_cCO-BoRNBP
041 0 _aspa
082 0 4 _a641.302
_bM67n
_222
100 1 _aMorales, Albert Ronald
_d1950-
_eaut
_966745
245 1 0 _aNutrición y calidad de vida /
_cAlbert Ronald Morales y Jeanette Jaime González.
250 _aTercera edición
_bReimpresión
264 1 _aBogotá, Colombia :
_bEcoe Ediciones,
_c2017
300 _a310 páginas :
_bilustraciones y fotografías a color
336 _atexto
_btxt
_2rdacontent
337 _asin mediación
_bn
_2rdamedia
338 _avolumen
_bnc
_2rdacarrier
505 0 _a1. Nutrición celular -- 2. Alimentación sana -- 3. Alimentos poco recomendados -- 4. Frutas y nueces -- 5. Verduras y hortalizas -- 6. Plantas para nuestro bienestar y salud -- 7. Legumbres y granos -- 8. Hierbas, especias y condimentos -- 9. Harinas, cereales y sus derivados -- 10. Tubérculos, semillas y aderezos 11. Zumos y menús -- 12. Alimentos y enfermedades
521 _aRecomendado para un público adulto
545 _aIncluye datos biográficos de los autores al final del texto
650 0 0 _aNutrición alimentos
_2LEMB
_967172
650 0 0 _aNutrición y calidad de vida
_2LEMB
_967173
650 0 7 _aNutrición
_2armarc
_959079
700 1 _aJaime González, Jeanette
_eaut
_959913
942 _2ddc
_cBK
999 _c59919
_d59919